1505 1267 1544 1366 1602 1190 1543 1279 1423 1424 1953 1725 1549 1140 1118 1004 1455 1201 1841 1713 1588 1597 1184 1843 1470 1610 1793 1077 1532 1573 1931 1273 1850 1384 1041 1133 1000 1760 1606 1793 1871 1498 1738 1005 1794 1920 1156 1109 1666 1697 1590 1336 1559 1777 1699 1241 1973 1233 1315 1980 1817 1832 1090 1980 1434 1463 1506 1616 1895 1230 1962 1162 1211 1644 1634 1635 1522 1424 1408 1368 1080 1868 1629 1651 1876 1117 1353 1771 1676 1090 1038 1761 1193 1172 1589 1444 1371 1255 1795 BCNSPRNW ULIB Ver.6.0+V

เปลี่ยนเป็นภาษาไทย

Change to English
 แสดงรายละเอียดบรรณานุกรม
  กลับหน้าหลัก

Brief Record : Get Marc (ISO 2709) : E-mail record : QR code < ปิดหน้าต่าง
LEADER : 00000nam 2200000uu 4500
001    13399111972
003     ULIB
008    110713s2543||||th 000 0 tha d
020    9746110543 (ล.1)
060 04 WA525^bกร513 ล.1 2543
245 00 การบริหารสาธารณสุขทั่วไป หน่วยที่ 1-7 =^bGeneral health management /^cสาขาวิชาวิทยาศาสตร์สุขภาพ มหาวิทยาลัยสุโขทัยธรรมาธิราช
246 31 General health management
250    พิมพ์ครั้งที่ 16
260    [นนทบุรี] :^bสำนักพิมพ์มหาวิทยาลัยสุโขทัยธรรมาธิราช,^c2543
300    2 เล่ม ;^c30 ซม.
500    "เอกสารการสอนชุดวิชา 52301 หน่วยที่ 1-7"- หน้าปกใน
500    สิ่งพิมพ์ของ มหาวิทยาลัยสุโขทัยธรรมาธิราชสาขาวิชาวิทยาศาสตร์สุขภาพ
650  4 สาธารณสุข, การบริหาร
710 2  มหาวิทยาลัยสุโขทัยธรรมาธิราช. ^bสาขาวิชาวิทยาศาสตร์สุขภาพ
945    ^p0^l0^i18409
945    ^p0^l0^i18410
995    กัณชพร
999    ^aใช้งานได้ทุกระบบ
รายการนี้ยังไม่มีแท็ก
คุณยังไม่ได้ล็อกอิน คุณสามารถมีกิจกรรมร่วมกับเว็บไซต์ได้ แต่ต้องล็อกอินก่อน ::
  ล็อกอิน

รายการสื่อสารสนเทศ

ลำดับที่ ประเภท เลขเรียก/บาร์โค้ด สถานที่ สถานะ
- ไม่พบข้อมูล -

รายการใกล้เคียง
    หัวเรื่อง [สาธารณสุข, การบริหาร]

BibComment


ยังไม่เคยถูกคอมเมนท์

คอมเมนท์ทรัพยากรรายการนี้
  คอมเมนท์: การบริหารสาธารณสุ..


 Copyright 2026. Bcnsprnw @Library